|
|
|
|
| LEADER |
00000nab a22000001a 4500 |
| 001 |
vtls010791141 |
| 003 |
SK-MaSNL |
| 005 |
20260303120303.0 |
| 008 |
230131|2011 xo |||||||||||||||||slo| |
| 035 |
|
|
|a (urnnbn)urn:nbn:sk:snk:ar-a02rws
|
| 035 |
|
|
|a (uuid)bd5f2dea-ef88-4e36-badc-3350c234d430
|
| 035 |
|
|
|a urn:nbn:sk:snk-ab4n5o
|
| 040 |
|
|
|a SNKBUCL
|b slo
|c SNKBUCL
|e AACR2
|
| 041 |
0 |
|
|a slo
|
| 044 |
|
|
|a xo
|c SK
|
| 080 |
|
|
|a 017/019
|2 2001
|
| 100 |
1 |
|
|a Okruhlicová, Erika
|4 aut
|9 1067307
|
| 245 |
1 |
0 |
|a Královský sňatek. Eliška Přemyslovna a Jan Lucemburský - 1310
|c Erika Okruhlicová
|
| 600 |
3 |
7 |
|a Přemysl (rod)
|2 SNK
|9 236321
|
| 600 |
3 |
7 |
|a Luxemburg (rod)
|2 SNK
|9 87770
|
| 600 |
0 |
7 |
|a Eliška Přemyslovna,
|c kráľovná, manželka Jána Luxemburského, českého kráľa,
|d 1292-1330
|2 SNK
|9 114747
|
| 600 |
0 |
7 |
|a Jan Luxemburský,
|c český kráľ,
|d 1296-1346
|2 SNK
|9 323007
|
| 650 |
0 |
7 |
|a kráľovské svadby
|2 SNK
|9 1132751
|
| 773 |
0 |
|
|t Múzeum : študijný a informačný materiál
|g Roč. 57, č. 4 (2011), s. 57
|
| 954 |
|
|
|a odborná, vedecká literatúra pôvodná (slovenská)
|2 lita
|
| 958 |
|
|
|a OND
|
| 958 |
|
|
|a EUIPO
|
| 958 |
|
|
|a article3
|
| 999 |
|
|
|c 1908631
|d 1910561
|